[Event "Dzhubga Blitz op"]
[Site "Dzhubga"]
[Date "2023.08.13"]
[Round "11"]
[White "Olesk, Kamilla"]
[Black "Zakaryan, David"]
[Result "0-1"]
[WhiteElo "1445"]
[BlackElo "2296"]
[PlyCount "76"]
[EventDate "2023.08.13"]
[EventType "swiss (blitz)"]
[EventRounds "13"]
[EventCountry "RUS"]
[SourceTitle "CBM 215 Extra"]
[Source "ChessBase"]
[SourceDate "2023.09.30"]
[SourceVersion "1"]
[SourceVersionDate "2023.09.30"]
[SourceQuality "1"]

1. c4 Nf6 2. Nc3 c5 3. g3 Nc6 4. Bg2 g6 5. e4 Bg7 6. Nge2 0-0 7. 0-0 d6 8. d3 Bg4 9. f4 a6 10. h3 Bxe2 11. Nxe2 Rb8 12. f5 b5 13. cxb5 axb5 14. g4 Nd7 15. Be3 Bxb2 16. Rb1 Bg7 17. Qd2 Qa5 18. Qc1 Nde5 19. d4 Nc4 20. dxc5 Qxa2 21. Nc3 Qa3 22. Nd1 dxc5 23. Qxa3 Nxa3 24. Rb3 Nc4 25. Bxc5 Nd2 26. Rff3 Nxb3 27. Rxb3 Bd4+ 28. Bxd4 Nxd4 29. Rb4 Nc6 30. Rb2 b4 31. g5 Rfd8 32. Ne3 Ne5 33. Nd5 Kf8 34. f6 exf6 35. gxf6 b3 36. Bf1 Rdc8 37. Be2 Rc2 38. Rxc2 bxc2 0-1